00351nam a2200145 a 45000010005000000030009000050080041000140400028000550820015000831000018000982450015001162600044001313000010001756500020001857313CO-ViMGA141112s2004 ck r 000 u spa d aCO-ViMGAbspacCO-ViMGA04a895.5 E5261 aEndo, Shusaku10aEl samurai aBuenos Aires : bSudAméricana, c1995 a295 p14aNOVELA JAPONESA